| 000 | 01106nam a2200265 4500 | ||
|---|---|---|---|
| 001 | 131098 | ||
| 003 | ES-MaACL | ||
| 005 | 20250721062623.0 | ||
| 007 | t| | ||
| 008 | 070214s1945 mx r ||||1| spa d | ||
| 100 | 1 |
_aRobertson, Dennis Holme. _997853 |
|
| 245 | 1 | 0 |
_aDinero / _cD. H. Robertson ; traducción de Julio Cádiz y José Antonio Rivera. |
| 250 | _a2ª ed. en español. | ||
| 260 |
_aMéxico : _bFondo de Cultura Económica, _c1945. |
||
| 300 |
_a204 p. ; _c20 cm. |
||
| 510 |
_aCCPB,
_c001348047-2. |
||
| 650 | 7 |
_aEconomía _2embne _912006 |
|
| 700 | 1 |
_aCádiz, Julio. _933398 |
|
| 700 | 1 |
_aRivera, José Antonio. _997618 |
|
| 852 |
_aES-MaACL _jD-6280 _bR.30371 _bR.M.5875 _9135874 _fSello en tinta azul de la Biblioteca del Ateneo de Madrid _gAnotación manuscrita a lapiz en cubierta: "16" _gAnotación manuscrita a lapiz en guarda anterior: "1950" _cSVI _z"11.DIC.1950" |
||
| 942 |
_2udc _cMONOGRAFIA |
||
| 999 |
_c131098 _d131098 |
||